000 00484nam a2200205Ia 4500
003 0100
008 130303s9999 xx 000 0 und d
040 _cARRUPELIB
050 _aBX3775.V613 1966
100 _aVoillaume, Rene
245 _aBrothers of men
245 _bletters to the Petits Freres
260 _aLondon
260 _bDarton, Longman and Todd
260 _C1966
300 _a222p.
300 _b 18cm
700 _aSheppard, Lancelot (ed.)
942 0 0 _01
999 _c37984
_d37984